000 003180000a22001570004500
003 MACL
040 _aMACL
090 _c7059
_d7058
100 _aAurobindo
245 _aLight For Student
260 _bSri Aurobindo Ashram
_c1982
350 _a10
650 _aPhilosophy
942 _cBOOK
_k100
951 _o100 BOOK
999 _c7012
_d7012